000 01249cam a2200361 i 4500
001 3197
003 BD-DhEWU
005 20181122152743.0
008 780421s1978 ilua g b 001 0 eng d
010 _a 77083558
020 _a0256020167
020 _a9780256020168
035 _a(OCoLC)3829273
040 _aDLC
_cDLC
_dDLC
_dBD-DhEWU
_beng
041 _aeng
050 0 0 _aHF5415.7
_b.T32 1978
082 0 0 _a658.788
_bTAM 1978
100 1 _aTaff, Charles Albert,
_d1916-
_911520
245 1 0 _aManagement of physical distribution and transportation /
_cCharles A. Taff.
250 _a6th ed.
260 _aHomewood, Ill. :
_bR. D. Irwin,
_cc1978.
300 _axix, 607 p. :
_bill. ;
_c24 cm.
500 _aIncludes index.
504 _aBibliography: p. 586-595.
526 _aBA
590 _aSagar Shahanawaz
650 0 _aPhysical distribution of goods
_xManagement.
_910732
650 0 _aShipment of goods
_xManagement.
_911521
856 _3WorldCat details
_uhttp://www.worldcat.org/title/management-of-physical-distribution-and-transportation/oclc/3829273&referer=brief_results
942 _2ddc
_cTEXT
999 _c3197 | 22 | 22 | 22
_d3197
999 _c3197 | 22 | 22 | 22
_d3197 | 22 | 22 | 22
999 _c3197 | 22 | 22 | 22
_d3197 | 22 | 22 | 22